000 00669nam a2200205 i 4500
001 92034
003 ES-MaACL
005 20250813053842.0
007 t|
008 050318s1993 fr ||||1| fre d
020 _a2-7355-0284-8
080 _a5 Ptolomeo
100 1 _aAujac, Germaine.
_923902
245 1 0 _aClaude Ptolémée astronome, astrologue, géographe
_b: connaissance et représentation du monde habité /
_cGermaine Aujac.
260 _aParis :
_bEditions du CTHS,
_c[1993]
300 _a427 p. :
_bil. ;
_c19 cm.
600 1 4 _aPtolomeo, Claudio,
_dca. 100 d.C.-ca. 170 d.C.
_994106
852 _aES-MaACL
_jE-10866
_bR.135682
999 _c92034
_d92034